000 00211 a2200085 4500
082 _a891.4391 NAQ
100 _aNaqvi, Qamar
245 _aReshae Hina
_cQamar Naqvi
260 _aLahore :
_bTayyab Iqbal Printers,
_c1994
300 _a264p. :
_c26 cm
999 _c1840
_d1840